| 000 | 00507nam a2200181Ia 4500 | ||
|---|---|---|---|
| 005 | 20250508153255.0 | ||
| 008 | 008 250505s9999 xx 000 0 eng d | ||
| 037 | _aTextual | ||
| 040 |
_aFEDL _beng _cFEDL |
||
| 041 |
_aeng _2eng |
||
| 084 |
_a372.21, LAN _qFEDL |
||
| 100 |
_aLangford Louise M _988144 |
||
| 245 | 0 | _aGuidance of the young child | |
| 260 |
_aNew York, USA _bJohn Wiley and Sons _c1960 |
||
| 300 | _avii,349p. | ||
| 942 |
_cTEXL _h372.21, LAN |
||
| 999 |
_c1341666 _d1341666 |
||